Les 5 pays que j'aime le moins dans chaque continent - Statistiques

Statistiques générales
  • Ce quiz a été pris 60 fois
  • Le résultat moyen est 12 sur 30
Statistiques - réponses
Ordre Réponse % Correct
1 Russie
85%
5 Afghanistan
64%
1 Iran
64%
2 Biélorussie
51%
2 Corée du Nord
47%
3 Pakistan
47%
3 Serbie
43%
1 Venezuela
43%
1 Cuba
40%
5 Moldavie
40%
5 Paraguay
40%
1 Somalie
40%
4 Yemen
40%
2 Erythree
38%
4 Guyana
38%
4 Libye
38%
3 Soudan
38%
2 Bolivie
36%
2 Salvador
36%
3 Surinam
34%
5 Belize
32%
4 Bosnie Herzegovine
32%
1 Nauru
32%
3 Nicaragua
32%
5 Vanuatu
30%
4 Haiti
28%
4 Micronesie
26%
2 Papouasie Nouvelle guinée
26%
3 Kiribati
23%
5 Burkina Faso
9%
Aucun quiz correspondant
Distribution des résultats
% des personnes avec chaque résultat
Percentile par nombre de réponses
Votre historique - résultats
Vous n’avez pas pris ce quiz